| 000 | 00456nam a2200157Ia 4500 | ||
|---|---|---|---|
| 001 | 60932 | ||
| 008 | 080101n ii |||gr||||Z||||||hin | ||
| 082 | _a891.4309 | ||
| 100 |
_asaraf, Ramkali, _eAuthor. |
||
| 245 | 0 |
_aNayi kahani paribesh aur pariprekshya _cby Ramkali, Saraf _hTextual Documents |
|
| 260 |
_aBaranashi _bBiswabidyalay Prakashan |
||
| 300 |
_a93p: _c23cm. |
||
| 653 | _aHindi literature-History and C | ||
| 653 | _aG-Hindi | ||
| 942 |
_2ddc _cBK |
||
| 999 |
_c62051 _d62051 |
||